[Event "8e Open de Porticcio"]
[Site "?"]
[Date "2023.07.01"]
[Round "5.3"]
[White "Tarhan, Adar"]
[Black "Peng, Li Min"]
[Result "0-1"]
[BlackElo "2535"]
[WhiteElo "2347"]
[LiveChessVersion "1.4.6"]

1. e4 {[%clk 1:27:23]} Nc6 {[%clk 1:24:00]} 2. Nf3 {[%clk 1:26:43]} d6
{[%clk 1:23:49]} 3. d4 {[%clk 1:26:48]} Nf6 {[%clk 1:24:11]} 4. Nc3
{[%clk 1:25:59]} g6 {[%clk 1:23:56]} 5. d5 {[%clk 1:18:47]} Nb8 {[%clk 1:24:14]}
6. Be3 {[%clk 1:19:01]} c6 {[%clk 1:21:38]} 7. Qd2 {[%clk 1:18:32]} Bg7
{[%clk 1:18:32]} 8. Bh6 {[%clk 1:11:21]} Bxh6 {[%clk 1:15:27]} 9. Qxh6
{[%clk 1:11:39]} Qb6 {[%clk 1:07:37]} 10. O-O-O {[%clk 1:09:43]} Bg4
{[%clk 1:05:10]} 11. Rd2 {[%clk 1:06:32]} Bxf3 {[%clk 1:01:06]} 12. gxf3
{[%clk 1:06:46]} Nbd7 {[%clk 1:01:32]} 13. f4 {[%clk 1:05:22]} cxd5
{[%clk 0:46:54]} 14. e5 {[%clk 1:01:05]} d4 {[%clk 0:45:22]} 15. Na4
{[%clk 0:58:42]} Qc6 {[%clk 0:45:27]} 16. exf6 {[%clk 0:57:48]} Qxh1
{[%clk 0:44:23]} 17. Rd1 {[%clk 0:57:10]} Qe4 {[%clk 0:40:10]} 18. fxe7
{[%clk 0:56:20]} Qxe7 {[%clk 0:38:02]} 19. Rxd4 {[%clk 0:56:12]} O-O-O
{[%clk 0:38:21]} 20. Nc3 {[%clk 0:56:37]} Nf6 {[%clk 0:38:35]} 21. Qg5
{[%clk 0:56:41]} d5 {[%clk 0:35:33]} 22. Qe5 {[%clk 0:55:20]} Qd6
{[%clk 0:26:58]} 23. Nb5 {[%clk 0:55:23]} Qxe5 {[%clk 0:27:06]} 24. fxe5
{[%clk 0:55:48]} Ne4 {[%clk 0:22:45]} 25. f3 {[%clk 0:52:36]} a6 {[%clk 0:23:12]}
26. fxe4 {[%clk 0:50:37]} axb5 {[%clk 0:23:36]} 27. Bxb5 {[%clk 0:50:43]} dxe4
{[%clk 0:23:32]} 28. Rxe4 {[%clk 0:51:08]} Kb8 {[%clk 0:23:14]} 29. a4
{[%clk 0:47:02]} h5 {[%clk 0:22:48]} 30. a5 {[%clk 0:43:45]} g5 {[%clk 0:22:56]}
31. a6 {[%clk 0:38:01]} bxa6 {[%clk 0:23:15]} 32. Bxa6 {[%clk 0:38:27]} Rhe8
{[%clk 0:23:42]} 33. Be2 {[%clk 0:36:59]} g4 {[%clk 0:22:48]} 34. Rb4+
{[%clk 0:36:51]} Kc7 {[%clk 0:23:08]} 35. Rc4+ {[%clk 0:36:26]} Kb6
{[%clk 0:22:47]} 36. Rb4+ {[%clk 0:34:17]} Kc5 {[%clk 0:23:12]} 37. Rb5+
{[%clk 0:34:37]} Kc6 {[%clk 0:23:09]} 38. Ra5 {[%clk 0:29:32]} Ra8
{[%clk 0:23:12]} 39. Bb5+ {[%clk 0:27:05]} Kb6 {[%clk 0:23:37]} 40. Bxe8
{[%clk 0:27:30]} Rxa5 {[%clk 0:24:03]} 41. Bxf7 {[%clk 0:27:55]} h4
{[%clk 0:22:09]} 42. Bh5 {[%clk 0:28:02]} g3 {[%clk 0:21:58]} 43. hxg3
{[%clk 0:28:27]} Rxe5 {[%clk 0:22:23]} 44. Bf3 {[%clk 0:28:45]} Re3
{[%clk 0:22:47]} 45. Bd5 {[%clk 0:29:07]} Rxg3 {[%clk 0:23:09]} 46. c4
{[%clk 0:29:25]} Kc5 {[%clk 0:23:25]} 0-1

[Event "8e Open de Porticcio"]
[Site "?"]
[Date "2023.07.01"]
[Round "5.4"]
[White "Aarav Dengla"]
[Black "Can, Isik"]
[Result "0-1"]
[BlackElo "2512"]
[WhiteElo "2343"]
[LiveChessVersion "1.4.6"]

1. e4 {[%clk 1:30:58]} c6 {[%clk 1:23:40]} 2. Nf3 {[%clk 1:30:33]} d5
{[%clk 1:24:04]} 3. exd5 {[%clk 1:30:44]} cxd5 {[%clk 1:24:28]} 4. Ne5
{[%clk 1:31:10]} Nc6 {[%clk 1:24:19]} 5. d4 {[%clk 1:31:33]} e6 {[%clk 1:24:20]}
6. Bb5 {[%clk 1:31:22]} Bd7 {[%clk 1:24:49]} 7. Nxd7 {[%clk 1:31:44]} Qxd7
{[%clk 1:25:18]} 8. c3 {[%clk 1:31:43]} Bd6 {[%clk 1:24:00]} 9. Nd2
{[%clk 1:31:53]} Nf6 {[%clk 1:21:49]} 10. O-O {[%clk 1:26:53]} O-O
{[%clk 1:21:16]} 11. Re1 {[%clk 1:27:13]} Qc7 {[%clk 1:11:06]} 12. g3
{[%clk 1:27:35]} Rae8 {[%clk 1:11:07]} 13. Kg2 {[%clk 1:06:49]} Nd7
{[%clk 1:09:12]} 14. f4 {[%clk 0:56:04]} f5 {[%clk 1:09:27]} 15. Nf3
{[%clk 0:55:12]} a6 {[%clk 1:07:42]} 16. Bxc6 {[%clk 0:49:46]} Qxc6
{[%clk 1:06:46]} 17. Ne5 {[%clk 0:49:59]} Bxe5 {[%clk 1:03:05]} 18. fxe5
{[%clk 0:50:01]} b5 {[%clk 1:03:11]} 19. a4 {[%clk 0:47:56]} Rb8 {[%clk 0:57:30]}
20. axb5 {[%clk 0:40:01]} Rxb5 {[%clk 0:54:11]} 21. Qd3 {[%clk 0:32:49]} a5
{[%clk 0:44:46]} 22. b4 {[%clk 0:32:10]} axb4 {[%clk 0:37:00]} 23. cxb4
{[%clk 0:32:24]} Nb6 {[%clk 0:34:35]} 24. Bd2 {[%clk 0:27:37]} Nc4
{[%clk 0:33:37]} 25. Ra7 {[%clk 0:24:05]} Rb7 {[%clk 0:31:04]} 26. Ra2
{[%clk 0:19:31]} Rbb8 {[%clk 0:26:32]} 27. Rb1 {[%clk 0:15:14]} Ra8
{[%clk 0:25:21]} 28. Rba1 {[%clk 0:09:50]} Rxa2 {[%clk 0:24:18]} 29. Rxa2
{[%clk 0:10:19]} Ra8 {[%clk 0:24:38]} 30. b5 {[%clk 0:06:52]} Qb7
{[%clk 0:24:30]} 31. Rxa8+ {[%clk 0:07:18]} Qxa8 {[%clk 0:24:59]} 32. Qc2
{[%clk 0:04:14]} Qb8 {[%clk 0:22:43]} 33. Qa4 {[%clk 0:04:02]} Nxd2
{[%clk 0:19:24]} 34. b6 {[%clk 0:04:28]} Nc4 {[%clk 0:19:45]} 35. b7
{[%clk 0:04:53]} Na5 {[%clk 0:19:44]} 36. Qxa5 {[%clk 0:04:40]} Qxb7
{[%clk 0:20:13]} 37. Qd8+ {[%clk 0:05:03]} Kf7 {[%clk 0:20:42]} 38. h4
{[%clk 0:04:53]} Qe7 {[%clk 0:18:44]} 39. Qh8 {[%clk 0:04:59]} Kg6
{[%clk 0:18:39]} 40. h5+ {[%clk 0:05:05]} Kh6 {[%clk 0:18:25]} 41. Qg8
{[%clk 0:05:23]} Qd7 {[%clk 0:17:42]} 42. Kh3 {[%clk 0:05:04]} Qc6
{[%clk 0:11:37]} 43. Qf7 {[%clk 0:04:32]} Qa6 {[%clk 0:11:56]} 44. Kh2
{[%clk 0:02:02]} Qe2+ {[%clk 0:08:25]} 45. Kg1 {[%clk 0:02:30]} Qe1+
{[%clk 0:05:14]} 46. Kg2 {[%clk 0:02:23]} Qe4+ {[%clk 0:05:35]} 47. Kh2
{[%clk 0:02:16]} Qe2+ {[%clk 0:04:59]} 48. Kg1 {[%clk 0:02:44]} Qf3
{[%clk 0:00:44]} 49. Qxe6+ g6 50. hxg6 {[%clk 0:01:55]} Qxg3+ {[%clk 0:01:38]}
51. Kf1 {[%clk 0:01:57]} Qf3+ {[%clk 0:02:03]} 52. Kg1 {[%clk 0:01:59]} hxg6
{[%clk 0:02:19]} 53. Qf7 {[%clk 0:01:47]} Qg3+ {[%clk 0:02:00]} 54. Kf1 Qf3+
{[%clk 0:00:47]} 55. Kg1 {[%clk 0:02:28]} f4 {[%clk 0:00:51]} 56. Qf6
{[%clk 0:01:44]} Qg3+ {[%clk 0:00:40]} 57. Kf1 {[%clk 0:02:07]} Qf3+
{[%clk 0:00:47]} 58. Kg1 {[%clk 0:01:31]} Qe3+ {[%clk 0:00:49]} 59. Kg2 Qg3+
{[%clk 0:01:19]} 60. Kf1 {[%clk 0:02:00]} f3 {[%clk 0:01:48]} 61. Qh8+
{[%clk 0:03:14]} Kh5 {[%clk 0:02:33]} 62. Qc8 {[%clk 0:01:29]} Kg5
{[%clk 0:02:44]} 63. Qc1+ {[%clk 0:01:34]} Kh5 {[%clk 0:02:21]} 64. Qd2
{[%clk 0:00:39]} g5 {[%clk 0:02:20]} 65. Qc2 {[%clk 0:00:58]} Qh3+
{[%clk 0:02:50]} 66. Kg1 {[%clk 0:01:18]} Qg4+ 67. Kf1 Qxd4 {[%clk 0:02:49]} 68.
e6 {[%clk 0:00:37]} Qe3 {[%clk 0:03:18]} 69. Qd1 {[%clk 0:00:39]} Qe2+
{[%clk 0:03:02]} 70. Qxe2 {[%clk 0:00:43]} fxe2+ {[%clk 0:03:30]} 71. Kxe2
{[%clk 0:01:04]} Kg6 {[%clk 0:03:58]} 72. Kf3 {[%clk 0:01:29]} Kf6
{[%clk 0:04:23]} 73. Kg4 {[%clk 0:01:55]} Kxe6 {[%clk 0:04:50]} 74. Kxg5
{[%clk 0:02:21]} Ke5 {[%clk 0:05:17]} 75. Kg4 Ke4 76. Kg3 {[%clk 0:03:08]} Ke3
{[%clk 0:06:16]} 77. Kg2 {[%clk 0:03:30]} Ke2 {[%clk 0:06:44]} 0-1

[Event "8e Open de Porticcio"]
[Site "?"]
[Date "2023.07.01"]
[Round "5.5"]
[White "Hunt, Harriet V"]
[Black "Nevednichy, Vladislav"]
[Result "1/2-1/2"]
[BlackElo "2453"]
[WhiteElo "2338"]
[LiveChessVersion "1.4.6"]

1. e4 {[%clk 1:29:24]} c5 {[%clk 1:30:55]} 2. Nf3 {[%clk 1:29:40]} d6
{[%clk 1:30:58]} 3. d4 {[%clk 1:29:47]} cxd4 {[%clk 1:31:23]} 4. Nxd4
{[%clk 1:30:14]} Nf6 {[%clk 1:31:04]} 5. Nc3 {[%clk 1:30:28]} Nc6
{[%clk 1:31:25]} 6. Bg5 {[%clk 1:30:40]} e6 {[%clk 1:31:25]} 7. Qd2
{[%clk 1:30:59]} a6 {[%clk 1:31:38]} 8. O-O-O {[%clk 1:30:38]} Bd7
{[%clk 1:32:04]} 9. f4 {[%clk 1:29:19]} b5 {[%clk 1:24:52]} 10. Bxf6
{[%clk 1:28:00]} gxf6 {[%clk 1:24:54]} 11. Kb1 {[%clk 1:27:34]} Qb6
{[%clk 1:23:38]} 12. Nxc6 {[%clk 1:10:04]} Bxc6 {[%clk 1:22:52]} 13. Qe1
{[%clk 1:07:23]} Ra7 {[%clk 1:20:36]} 14. Bd3 {[%clk 1:04:31]} a5
{[%clk 1:12:11]} 15. f5 {[%clk 0:59:42]} Qc5 {[%clk 1:04:46]} 16. Rf1
{[%clk 0:44:12]} b4 {[%clk 0:53:29]} 17. Ne2 {[%clk 0:44:24]} e5 {[%clk 0:51:33]}
18. Ng3 {[%clk 0:44:15]} Bh6 {[%clk 0:42:46]} 19. Qe2 {[%clk 0:36:03]} a4
{[%clk 0:41:06]} 20. Bc4 {[%clk 0:35:01]} Bg5 {[%clk 0:34:24]} 21. Rf3
{[%clk 0:28:12]} Ke7 {[%clk 0:30:06]} 22. Bd5 {[%clk 0:19:48]} Bb5
{[%clk 0:30:07]} 23. Qf2 {[%clk 0:19:16]} Qxf2 {[%clk 0:29:10]} 24. Rxf2
{[%clk 0:19:43]} h5 {[%clk 0:26:41]} 25. Nf1 {[%clk 0:15:19]} Rc7
{[%clk 0:26:36]} 26. Re1 {[%clk 0:12:05]} h4 {[%clk 0:14:56]} 27. Ne3
{[%clk 0:06:39]} Bf4 {[%clk 0:14:53]} 28. Nf1 {[%clk 0:05:47]} Rg8
{[%clk 0:12:27]} 29. b3 {[%clk 0:04:09]} Rc3 {[%clk 0:11:42]} 30. bxa4
{[%clk 0:03:35]} Bxa4 {[%clk 0:12:04]} 31. Kb2 {[%clk 0:03:25]} Bb5
{[%clk 0:09:10]} 32. Bb3 {[%clk 0:02:54]} Rgc8 {[%clk 0:08:35]} 33. Rf3
{[%clk 0:02:16]} Rxf3 {[%clk 0:08:18]} 34. gxf3 {[%clk 0:02:42]} Bxf1
{[%clk 0:04:55]} 35. Rxf1 {[%clk 0:03:12]} Bxh2 {[%clk 0:05:19]} 36. a3
{[%clk 0:02:05]} bxa3+ {[%clk 0:05:43]} 37. Kxa3 {[%clk 0:02:31]} Bg3
{[%clk 0:05:36]} 38. Rh1 {[%clk 0:02:27]} Rc3 {[%clk 0:05:36]} 39. Kb4
{[%clk 0:02:14]} Rxf3 {[%clk 0:06:01]} 40. Kc4 {[%clk 0:01:18]} Re3
{[%clk 0:05:37]} 41. Kd5 {[%clk 0:01:32]} Rc3 {[%clk 0:05:59]} 42. Bc4
{[%clk 0:01:35]} Rxc2 {[%clk 0:06:23]} 43. Rb1 {[%clk 0:01:22]} h3
{[%clk 0:06:28]} 44. Rb7+ {[%clk 0:01:22]} Kf8 {[%clk 0:06:52]} 45. Rb8+
{[%clk 0:01:30]} Kg7 {[%clk 0:03:23]} 46. Rb3 {[%clk 0:01:50]} Rg2
{[%clk 0:01:57]} 47. Bf1 {[%clk 0:02:10]} Rg1 {[%clk 0:01:21]} 48. Bxh3
{[%clk 0:02:30]} Rd1+ {[%clk 0:00:59]} 49. Kc6 {[%clk 0:02:42]} Bf2
{[%clk 0:01:13]} 50. Bg4 {[%clk 0:02:05]} Rd4 {[%clk 0:01:27]} 51. Bf3
{[%clk 0:02:13]} Kh6 {[%clk 0:01:52]} 52. Rb2 {[%clk 0:02:11]} Be1
{[%clk 0:01:34]} 53. Rb1 {[%clk 0:02:13]} Bb4 {[%clk 0:01:07]} 54. Rd1
{[%clk 0:00:42]} Kg5 {[%clk 0:00:48]} 55. Rxd4 {[%clk 0:00:35]} exd4
{[%clk 0:01:17]} 56. Kb5 {[%clk 0:01:00]} Kf4 {[%clk 0:01:42]} 57. Bd1
{[%clk 0:01:01]} Kxe4 {[%clk 0:00:43]} 58. Kxb4 {[%clk 0:01:21]} d5
{[%clk 0:01:06]} 59. Kc5 {[%clk 0:00:51]} d3 {[%clk 0:01:30]} 60. Bb3
{[%clk 0:00:56]} d2 {[%clk 0:01:12]} 61. Bc2+ {[%clk 0:00:32]} Ke5
{[%clk 0:01:19]} 62. Bd1 {[%clk 0:00:33]} d4 {[%clk 0:01:38]} 63. Kc4
{[%clk 0:00:56]} Ke4 {[%clk 0:02:00]} 64. Bc2+ {[%clk 0:01:19]} Ke3
{[%clk 0:01:52]} 65. Bd1 {[%clk 0:01:18]} Ke4 {[%clk 0:01:08]} 66. Bc2+
{[%clk 0:01:32]} Ke3 {[%clk 0:01:16]} 67. Bd1 {[%clk 0:01:58]} Ke4
{[%clk 0:01:43]} 68. Bc2+ Ke3 {[%clk 0:01:43]} 69. Bd1 1/2-1/2

[Event "8e Open de Porticcio"]
[Site "?"]
[Date "2023.07.01"]
[Round "5.6"]
[White "Razafindratsima, Timothe"]
[Black "Carnicelli, Valerio"]
[Result "0-1"]
[BlackElo "2344"]
[WhiteElo "2446"]
[LiveChessVersion "1.4.6"]

1. e4 {[%clk 1:30:47]} c5 {[%clk 1:30:55]} 2. Nf3 {[%clk 1:30:37]} Nc6
{[%clk 1:31:20]} 3. d4 {[%clk 1:31:00]} cxd4 {[%clk 1:31:46]} 4. Nxd4
{[%clk 1:31:25]} e6 {[%clk 1:32:13]} 5. Nc3 {[%clk 1:31:46]} Qc7 {[%clk 1:32:31]}
6. Be3 {[%clk 1:31:25]} a6 {[%clk 1:32:56]} 7. g4 {[%clk 1:31:45]} Nxd4
{[%clk 1:33:14]} 8. Qxd4 {[%clk 1:30:56]} b5 {[%clk 1:33:38]} 9. O-O-O
{[%clk 1:29:17]} Bb7 {[%clk 1:33:57]} 10. Kb1 {[%clk 1:24:08]} Nf6
{[%clk 1:34:21]} 11. f3 {[%clk 1:23:45]} h6 {[%clk 1:34:08]} 12. Rg1
{[%clk 1:13:03]} Rc8 {[%clk 1:31:54]} 13. Rg2 {[%clk 1:13:19]} Bc5
{[%clk 1:27:22]} 14. Qxc5 {[%clk 1:12:14]} Qxc5 {[%clk 1:27:48]} 15. Bxc5
{[%clk 1:12:41]} Rxc5 {[%clk 1:28:13]} 16. a4 {[%clk 1:12:33]} bxa4
{[%clk 1:09:40]} 17. Nxa4 {[%clk 1:12:58]} Rc7 {[%clk 1:04:23]} 18. c4
{[%clk 1:07:01]} Nxe4 {[%clk 0:57:23]} 19. fxe4 {[%clk 1:07:14]} Bxe4+
{[%clk 0:57:47]} 20. Rc2 {[%clk 1:07:37]} Bxc2+ {[%clk 0:58:10]} 21. Kxc2
{[%clk 1:08:03]} Ke7 {[%clk 0:53:30]} 22. b4 {[%clk 1:06:27]} Rb8
{[%clk 0:44:38]} 23. Kc3 {[%clk 1:06:50]} d6 {[%clk 0:37:35]} 24. Rb1
{[%clk 1:07:16]} Kf6 {[%clk 0:36:15]} 25. Be2 {[%clk 1:01:14]} Kg5
{[%clk 0:34:21]} 26. Kd4 {[%clk 0:58:30]} Kh4 {[%clk 0:29:25]} 27. Nc3
{[%clk 0:43:29]} Rcb7 {[%clk 0:27:40]} 28. b5 {[%clk 0:43:51]} axb5
{[%clk 0:27:53]} 29. cxb5 {[%clk 0:44:20]} d5 {[%clk 0:25:52]} 30. Rb3
{[%clk 0:40:13]} Kg5 {[%clk 0:18:49]} 31. Rb4 {[%clk 0:33:09]} Kh4
{[%clk 0:11:30]} 32. Ke5 {[%clk 0:27:25]} Rc7 {[%clk 0:07:03]} 33. Rb3
{[%clk 0:20:32]} Kg5 {[%clk 0:06:27]} 34. Kd6 {[%clk 0:18:22]} Rcc8
{[%clk 0:05:19]} 35. Ke5 {[%clk 0:17:49]} Rc7 {[%clk 0:05:47]} 36. h3
{[%clk 0:18:11]} Rcc8 {[%clk 0:04:27]} 37. Bd3 {[%clk 0:17:40]} Kh4
{[%clk 0:03:54]} 38. Ne2 {[%clk 0:17:49]} Rb6 {[%clk 0:03:54]} 39. Kf4
{[%clk 0:14:01]} f6 {[%clk 0:03:47]} 40. Kf3 {[%clk 0:14:12]} e5 {[%clk 0:03:49]}
41. Bf5 {[%clk 0:14:40]} Rc5 {[%clk 0:03:22]} 42. Bd7 {[%clk 0:15:01]} Rc7
{[%clk 0:02:50]} 43. Be8 {[%clk 0:04:10]} Rb8 {[%clk 0:03:17]} 44. Bg6
{[%clk 0:03:24]} Rcb7 {[%clk 0:03:17]} 45. Kg2 {[%clk 0:03:45]} Rxb5
{[%clk 0:03:21]} 46. Rf3 {[%clk 0:04:11]} d4 {[%clk 0:00:50]} 47. Bd3
{[%clk 0:01:29]} Rb2 {[%clk 0:00:44]} 48. Rf5 {[%clk 0:01:03]} g6
{[%clk 0:00:55]} 49. Rf2 {[%clk 0:01:23]} R8b3 {[%clk 0:00:38]} 50. Bxg6
{[%clk 0:01:34]} d3 {[%clk 0:00:34]} 51. Ng1 {[%clk 0:00:50]} Rxf2+
{[%clk 0:00:52]} 52. Kxf2 {[%clk 0:01:17]} Kg5 {[%clk 0:00:37]} 53. Bf7
{[%clk 0:01:43]} Rb1 {[%clk 0:00:33]} 54. Bc4 {[%clk 0:02:02]} e4
{[%clk 0:00:57]} 55. Nf3+ {[%clk 0:02:19]} exf3 {[%clk 0:01:21]} 56. Bxd3
{[%clk 0:02:43]} Rb3 {[%clk 0:01:37]} 57. Bc4 {[%clk 0:03:09]} Rc3
{[%clk 0:01:53]} 0-1

[Event "8e Open de Porticcio"]
[Site "?"]
[Date "2023.07.01"]
[Round "5.7"]
[White "Makkar, Rajat"]
[Black "Tomasi, Albert"]
[Result "1-0"]
[BlackElo "2291"]
[WhiteElo "2419"]
[LiveChessVersion "1.4.6"]

1. d4 d5 2. c4 c6 3. Nc3 Nf6 4. e3 g6 5. Nf3 Bg7 6. Be2 O-O 7. O-O e6 8. Ne5 b6
9. b3 Bb7 10. Ba3 Re8 11. Rc1 Nfd7 12. f4 a5 13. Bf3 Na6 14. e4 Nxe5 15. fxe5
dxc4 16. bxc4 c5 17. Nb5 cxd4 18. Bd6 d3 19. Qd2 Rc8 20. Rc3 Nc5 21. Bxc5 Rxc5
22. Rxd3 Qb8 23. Nd6 Rf8 24. Nxf7 Kxf7 25. Bg4+ Ke8 26. Rd1 Qxe5 27. Rd8+ Kf7 28.
Qd7+ Kg8 29. Bxe6+ Kh8 30. Qf7 Qd4+ 31. R1xd4 Bxd4+ 32. Rxd4 Rxf7 33. Bxf7 Kg7
34. Bd5 Bc8 35. Kf2 Kf6 36. Bg8 Kg7 37. Bd5 Kf6 38. Ke3 h6 39. Rd2 Ke5 40. Rb2 g5
41. Rxb6 h5 42. Rg6 1-0

[Event "8e Open de Porticcio"]
[Site "?"]
[Date "2023.07.01"]
[Round "5.8"]
[White "Roux, Baptiste"]
[Black "Msellek, Ilyass"]
[Result "1-0"]
[BlackElo "2417"]
[WhiteElo "2288"]
[LiveChessVersion "1.4.6"]

1. e4 {[%clk 1:30:29]} c5 {[%clk 1:30:32]} 2. Nf3 {[%clk 1:30:46]} e6
{[%clk 1:30:50]} 3. d4 {[%clk 1:30:28]} cxd4 {[%clk 1:31:10]} 4. Nxd4
{[%clk 1:30:33]} Nc6 {[%clk 1:31:10]} 5. Nxc6 {[%clk 1:22:58]} bxc6
{[%clk 1:31:15]} 6. Bd3 {[%clk 1:23:17]} d5 {[%clk 1:28:11]} 7. O-O
{[%clk 1:22:11]} Nf6 {[%clk 1:28:25]} 8. Nd2 {[%clk 1:21:10]} Be7
{[%clk 1:28:29]} 9. Qe2 {[%clk 1:16:41]} O-O {[%clk 1:28:10]} 10. c4
{[%clk 1:13:18]} a5 {[%clk 1:26:18]} 11. b3 {[%clk 1:03:03]} a4 {[%clk 1:16:19]}
12. Rb1 {[%clk 0:59:31]} axb3 {[%clk 1:11:25]} 13. axb3 {[%clk 0:59:54]} Ra2
{[%clk 1:07:09]} 14. Rb2 {[%clk 0:56:57]} Qa5 {[%clk 1:01:35]} 15. exd5
{[%clk 0:45:41]} cxd5 {[%clk 1:00:32]} 16. Nf3 {[%clk 0:42:51]} Rxb2
{[%clk 0:48:03]} 17. Bxb2 {[%clk 0:43:12]} Bb7 {[%clk 0:47:55]} 18. Ng5
{[%clk 0:36:25]} Ra8 {[%clk 0:31:30]} 19. Nxe6 {[%clk 0:23:59]} fxe6
{[%clk 0:31:21]} 20. Qxe6+ {[%clk 0:24:27]} Kf8 {[%clk 0:31:43]} 21. Re1
{[%clk 0:22:42]} Qc7 {[%clk 0:11:23]} 22. Bxf6 {[%clk 0:21:36]} Bxf6
{[%clk 0:11:20]} 23. Bxh7 {[%clk 0:20:24]} Qf7 {[%clk 0:11:45]} 24. Qd6+
{[%clk 0:18:57]} Be7 {[%clk 0:12:10]} 25. Qb6 {[%clk 0:18:27]} Ra2
{[%clk 0:12:23]} 26. Bg6 {[%clk 0:18:24]} Ra6 {[%clk 0:09:58]} 27. Qxa6
{[%clk 0:17:53]} Bxa6 {[%clk 0:10:23]} 28. Bxf7 {[%clk 0:18:16]} Kxf7
{[%clk 0:10:49]} 29. cxd5 {[%clk 0:18:19]} Bb7 {[%clk 0:10:54]} 30. Rd1
{[%clk 0:17:18]} Bd6 {[%clk 0:11:16]} 31. g3 {[%clk 0:16:46]} Kf6
{[%clk 0:11:43]} 32. b4 {[%clk 0:12:52]} Ke5 {[%clk 0:11:50]} 33. f4+
{[%clk 0:13:11]} Ke4 {[%clk 0:12:09]} 34. b5 {[%clk 0:12:54]} Kf3
{[%clk 0:10:34]} 35. Kf1 {[%clk 0:11:04]} Bc8 {[%clk 0:10:12]} 36. Rc1
{[%clk 0:10:24]} Bh3+ {[%clk 0:07:42]} 37. Ke1 {[%clk 0:05:45]} Ke3
{[%clk 0:08:06]} 38. Rc6 {[%clk 0:05:29]} Bb4+ {[%clk 0:08:16]} 39. Kd1
{[%clk 0:05:53]} Kd3 {[%clk 0:08:31]} 40. Kc1 {[%clk 0:06:08]} Bg2
{[%clk 0:03:28]} 41. b6 {[%clk 0:05:47]} Bxd5 {[%clk 0:03:01]} 42. b7
{[%clk 0:04:03]} Bd2+ {[%clk 0:01:20]} 43. Kb1 {[%clk 0:04:10]} Bxc6
{[%clk 0:01:45]} 44. b8=Q {[%clk 0:04:36]} Be4 {[%clk 0:01:54]} 45. Qc7
{[%clk 0:02:30]} Bc3 {[%clk 0:00:36]} 46. Kc1 {[%clk 0:02:49]} g6
{[%clk 0:00:36]} 47. Qc5 {[%clk 0:02:24]} Bf5 {[%clk 0:00:39]} 48. h4
{[%clk 0:01:50]} Bd2+ {[%clk 0:00:59]} 49. Kb2 {[%clk 0:02:13]} Be3
{[%clk 0:01:15]} 50. Qc2+ {[%clk 0:02:07]} Kd4 {[%clk 0:01:43]} 51. Qc3+
{[%clk 0:02:29]} Ke4 {[%clk 0:02:07]} 52. Qe5+ {[%clk 0:02:12]} Kd3
{[%clk 0:02:21]} 53. Qd5+ {[%clk 0:01:36]} Bd4+ {[%clk 0:02:34]} 54. Kc1
{[%clk 0:02:00]} Kc3 {[%clk 0:01:06]} 55. Kd1 {[%clk 0:01:57]} Kd3
{[%clk 0:01:06]} 56. Qf3+ {[%clk 0:01:44]} Be3 {[%clk 0:00:35]} 57. Ke1
{[%clk 0:02:13]} Kd4 {[%clk 0:00:31]} 58. Qc6 {[%clk 0:01:53]} Kd3
{[%clk 0:00:32]} 59. Qd5+ {[%clk 0:02:04]} Bd4 {[%clk 0:00:35]} 60. h5
{[%clk 0:02:01]} Be4 {[%clk 0:00:31]} 61. Qb5+ {[%clk 0:02:07]} Ke3
{[%clk 0:00:47]} 62. Qe2# {[%clk 0:02:31]} 1-0

[Event "8e Open de Porticcio"]
[Site "?"]
[Date "2023.07.04"]
[Round "6.1"]
[White "Peng, Li Min"]
[Black "Krasenkow, Michal"]
[Result "1-0"]
[BlackElo "2524"]
[WhiteElo "2535"]
[LiveChessVersion "1.4.6"]

1. d4 {[%clk 1:27:50]} d5 {[%clk 1:29:43]} 2. Bf4 {[%clk 1:27:56]} c5
{[%clk 1:30:03]} 3. e3 {[%clk 1:28:18]} Nc6 {[%clk 1:30:28]} 4. Nf3
{[%clk 1:27:45]} Bg4 {[%clk 1:29:24]} 5. Nbd2 {[%clk 1:27:49]} e6
{[%clk 1:26:40]} 6. c3 {[%clk 1:21:54]} Qb6 {[%clk 1:23:03]} 7. dxc5
{[%clk 1:22:04]} Bxc5 {[%clk 1:23:11]} 8. b4 {[%clk 1:15:44]} Be7
{[%clk 1:23:23]} 9. Qb3 {[%clk 1:16:08]} Nf6 {[%clk 1:23:16]} 10. h3
{[%clk 1:16:04]} Bh5 {[%clk 1:23:11]} 11. a3 {[%clk 1:14:28]} O-O
{[%clk 1:21:07]} 12. g4 {[%clk 1:14:11]} Bg6 {[%clk 1:21:22]} 13. c4
{[%clk 1:14:35]} d4 {[%clk 1:20:12]} 14. Bg2 {[%clk 1:08:33]} Ne4
{[%clk 1:15:43]} 15. c5 {[%clk 1:04:34]} Qd8 {[%clk 1:08:57]} 16. Nc4
{[%clk 1:04:35]} Qd5 {[%clk 0:48:18]} 17. O-O {[%clk 1:01:44]} b5
{[%clk 0:44:02]} 18. cxb6 {[%clk 0:52:32]} axb6 {[%clk 0:44:21]} 19. Nxd4
{[%clk 0:43:14]} Nxd4 {[%clk 0:43:54]} 20. exd4 {[%clk 0:43:32]} Bf6
{[%clk 0:27:36]} 21. Be3 {[%clk 0:42:32]} Rac8 {[%clk 0:24:34]} 22. Rac1
{[%clk 0:40:52]} Rfd8 {[%clk 0:13:45]} 23. Rfd1 {[%clk 0:38:01]} h5
{[%clk 0:13:36]} 24. Qd3 {[%clk 0:34:00]} Rb8 {[%clk 0:10:04]} 25. Qe2
{[%clk 0:31:52]} hxg4 {[%clk 0:09:20]} 26. hxg4 {[%clk 0:32:09]} Qb5
{[%clk 0:08:41]} 27. a4 {[%clk 0:22:57]} Qxb4 {[%clk 0:07:49]} 28. Bxe4
{[%clk 0:23:22]} Bxe4 {[%clk 0:08:07]} 29. g5 {[%clk 0:23:50]} Be7
{[%clk 0:04:40]} 30. Bd2 {[%clk 0:24:14]} Qxa4 {[%clk 0:04:53]} 31. Qxe4
{[%clk 0:24:38]} b5 {[%clk 0:04:16]} 32. Ne5 {[%clk 0:20:07]} Rxd4
{[%clk 0:04:12]} 33. Qf3 {[%clk 0:20:33]} f6 {[%clk 0:03:15]} 34. Nc6
{[%clk 0:20:58]} Rg4+ {[%clk 0:03:41]} 35. Kf1 {[%clk 0:21:23]} Re8
{[%clk 0:03:20]} 36. Bb4 {[%clk 0:19:35]} Rxb4 {[%clk 0:02:20]} 37. Nxe7+
{[%clk 0:20:00]} 1-0